00776cam a2200217 a 450000100100000000500170001000800410002704000230006808200190009110000380011024500580014826000460020630000280025249000120028050400350029260000400032783000200036791000340038795201220042199900150054300000395520200929150635.0700804s1970 nyua b 001 0beng  aDO-SdBNPcDLCdDLC a923.173bM182T1 aThane, Elswyth,d1900-198491189210aDolley Madison :bher life and times /cElswyth Than. aCanadá :bCrowell-Collier Press,c1970. a184 p. :bil. ;c21 cm.1 aCrowell aBibliografía : p. [179]-180.14aMadison, Dolley,d1768-1849.911893 0aCrowell.911894 aCatalogación por copia / LC 001052708MOaGRbGRcCTd2009-07-15iLF1l0o923.173 M182Tp3955-10r2020-06-25w2020-06-25y2ZPréstamo interno c3774d3774